A bibliography of contemporary art in Latin America : (Record no. 333)

MARC details
000 -LEADER
campo de control de longitud fija 01214cam a2200265 a 4500
001 - NÚMERO DE CONTROL
campo de control 3319078
005 - FECHA Y HORA DE LA ÚLTIMA TRANSACCIÓN
campo de control 20220326193303.0
008 - DATOS DE LONGITUD FIJA--INFORMACIÓN GENERAL
campo de control de longitud fija 840918s1983 lau b 000 0 eng
010 ## - NÚMERO DE CONTROL DE LA BIBLIOTECA DEL CONGRESO
Número de control de LC 84128276
020 ## - NÚMERO INTERNACIONAL ESTÁNDAR DEL LIBRO
Número Internacional Estándar del Libro 096032125X (pbk.) :
Condiciones de disponibilidad $6.00
040 ## - FUENTE DE CATALOGACIÓN
Centro catalogador/agencia de origen DLC
Centro/agencia transcriptor DLC
Centro/agencia modificador DLC
043 ## - CÓDIGO DE ÁREA GEOGRÁFICA
Código de área geográfica cl-----
082 00 - NÚMERO DE LA CLASIFICACIÓN DECIMAL DEWEY
Número de clasificación 016.709.8
Número de ítem K96b
100 ## - ENTRADA PRINCIPAL--NOMBRE DE PERSONA
Nombre de persona Monica E. Kupfer (Editor)
9 (RLIN) 1571
110 2# - ENTRADA PRINCIPAL--NOMBRE DE ENTIDAD CORPORATIVA
Nombre de entidad corporativa o nombre de jurisdicción como elemento de entrada Howard-Tilton Memorial Library.
9 (RLIN) 1572
245 12 - MENCIÓN DEL TÍTULO
Título A bibliography of contemporary art in Latin America :
Resto del título books, articles, and exhibition catalogs in the Tulane University Library, 1950-1980 /
Mención de responsabilidad, etc. compiled by Monica E. Kupfer.
260 ## - PUBLICACIÓN, DISTRIBUCIÓN, ETC.
Lugar de publicación, distribución, etc. New Orleans, La. :
Nombre del editor, distribuidor, etc. Center for Latin American Studies and Howard-Tilton Memorial Library, Tulane University,
Fecha de publicación, distribución, etc. 1983.
300 ## - DESCRIPCIÓN FÍSICA
Extensión x, 97 leaves ;
Dimensiones 28 cm.
505 ## - NOTA DE CONTENIDO CON FORMATO
Título Introduction
-- Sources of information
-- The Criteria For entries
-- Explanation of sections and entries
-- Preface
-- Acknowledgments
610 20 - PUNTO DE ACCESO ADICIONAL DE MATERIA--NOMBRE DE ENTIDAD CORPORATIVA
Nombre de entidad corporativa o nombre de jurisdicción como elemento de entrada Howard-Tilton Memorial Library.
9 (RLIN) 1573
650 #0 - PUNTO DE ACCESO ADICIONAL DE MATERIA--TÉRMINO DE MATERIA
Término de materia o nombre geográfico como elemento de entrada Art, Latin American
Subdivisión cronológica 20th century
Subdivisión de forma Bibliography.
9 (RLIN) 1574
700 1# - ENTRADA AGREGADA--NOMBRE PERSONAL
Nombre de persona Kupfer, Monica E.
9 (RLIN) 31
710 2# - ENTRADA AGREGADA--NOMBRE DE ENTIDAD CORPORATIVA
Nombre de entidad corporativa o nombre de jurisdicción como elemento de entrada Tulane University.
Unidad subordinada Center for Latin American Studies.
9 (RLIN) 1575
906 ## - ELEMENTOS DE DATOS F LOCAL, LDF (RLIN)
a 7
b cbc
c orignew
d 2
e ncip
f 19
g y-gencatlg
Holdings
Estatus retirado Estado de pérdida Fuente del sistema de clasificación o colocación Estado de daño No para préstamo Biblioteca de origen Biblioteca actual Ubicación en estantería Fecha de adquisición Total de préstamos Signatura topográfica completa Código de barras Visto por última vez Precio de reemplazo Tipo de ítem Koha
    Clasificación Decimal Dewey     Biblioteca LadoV Biblioteca LadoV   07/11/2014   016.709.8 K96b 000291 07/11/2014 07/11/2014 Material 01